000 01044nam a2200205 a 4500
001 000034905
005 20200930073958.0
008 110329s1957 dr r 000 0 spa d
040 _aDO-SdBNP
_bspa
_cBNPHU
082 _a972.93053
_bT866me, 1957
100 1 _aTrujillo Molina, Héctor Bienvenido
_957426
245 1 0 _aMensaje depositado en el 27 de febrero de 1957 por el presidente de la República Dominicana general Héctor Bienvenido Trujillo Molina para darle cuenta de su gestión durante el año 1956 /
_cHéctor Bienvenido Trujillo Molina.
260 _aCiudad Trujillo, República Dominicana :
_b[Imprenta del Ejercito Nacional,
_c1957].
300 _a152 p. ;
_c23 cm.
590 _aInventariado, 2019/BT
650 4 _aDiscursos presidenciales
_910061
651 4 _aRepública Dominicana
_xHistoria
_yERA DE TRUJILLO, 1930-1961
_xEnsayos, Conferencias, Etc.
_930520
651 4 _aRepública Dominicana
_xPolítica Y Gobierno
_yERA DE TRUJILLO, 1930-1961
_xEnsayos, Conferencias, Etc.
_930546
910 _aValidado. Control de calidad. MFF
999 _c34396
_d34396